Punjab tenancy act, 1887: act xvi of 1887 (Record no. 203559)

MARC details
000 -LEADER
fixed length control field 00366nam a2200145Ia 4500
008 - FIXED-LENGTH DATA ELEMENTS--GENERAL INFORMATION
fixed length control field 230917s9999||||xx |||||||||||||| ||und||
040 ## - CATALOGING SOURCE
-- 79483
Original cataloging agency VIVEKANANDA LIBRARY
041 ## - Language
-- English
082 ## - DDC NUMBER
Classification number 346.0434 J199P
100 ## - MAIN ENTRY--PERSONAL NAME
Personal name Jain, J L
245 #0 - TITLE STATEMENT
Title Punjab tenancy act, 1887: act xvi of 1887
260 ## - PUBLICATION, DISTRIBUTION, ETC. (IMPRINT)
Place of publication, distribution, etc Chandigarh
Name of publisher, distributor, etc Himalia Press
Date of publication, distribution, etc 1909
300 ## - PHYSICAL DESCRIPTION
Pages 72 p.
942 ## - ADDED ENTRY ELEMENTS (KOHA)
Koha item type Books
Holdings
Withdrawn status Lost status Damaged status Not for loan Location (home branch) Sublocation or collection (holding branch) Date acquired Koha issues (times borrowed) Koha full call number Accession No. Koha date last seen Koha item type
        VIVEKANANDA LIBRARY VIVEKANANDA LIBRARY 03/05/2010   346.0434 J199P 63731 17/09/2023 Books
        VIVEKANANDA LIBRARY VIVEKANANDA LIBRARY 03/05/2010   346.0434 J199P 64612 17/09/2023 Books
        VIVEKANANDA LIBRARY VIVEKANANDA LIBRARY 03/05/2010   346.0434 J199P 64614 17/09/2023 Books
© Designed and Maintained by Vivekananda Library, MDU Rohtak